| 000 | 01327nma a22002177a 4500 | ||
|---|---|---|---|
| 005 | 20210325202717.0 | ||
| 006 | g q || | ||
| 008 | s2550 th tha d | ||
| 041 | _atha | ||
| 090 | _aCD1376 | ||
| 245 | 1 | 0 | _aการประเมินภาวะเศรษฐกิจและสังคมของประเทศตามแนวนโยบายพื้นฐานแห่งรัฐตามตัวชี้วัดด้านต่างๆ : รายงานประจำปี 2549 [CD-ROM] |
| 260 | 3 |
_aกรุงเทพฯ : _bสำนักงานสภาที่ปรึกษาเศรษฐกิจและสังคมแห่งชาติ, _c2550 |
|
| 300 |
_a1 แผ่น ; _b sd., col. |
||
| 610 | _aสำนักงานสภาที่ปรึกษาเศรษฐกิจและสังคมแห่งชาติ | ||
| 650 | 0 | 4 | _aไทย -- ภาวะเศรษฐกิจ -- 2549 |
| 650 | 0 | 4 | _aสภาที่ปรึกษาเศรษฐกิจและสังคมแห่งชาติ -- รายงานประจำปี -- 2549 |
| 850 | _aNALT | ||
| 942 | _cCD | ||
| 997 |
_c000000000056208 _kVC |
||
| 998 | _aนางสาวชัชฎา จูฑะรักษ์ | ||
| 999 |
_c56208 _d56208 |
||